000 00778nam a2200253 a 4500
001 adlib96000001
003 ViArRB
005 200902210153555.7
008 960221s1955 dcuabcdjdbkoqu001 0deng d
020 _a
022 _a
040 _aAdlib
082 _a519.4
245 _aExercises in group theory
250 _a
260 _aNew York
_bPlenum Press
_c1972
300 _axiii, 240 p.
_c
500 _a
100 _aLyapin, E S
_e
700 _a
_a
942 _cBK
653 _agrup theory
_aStatistical data handling
_aStatistics
_aCensus
_aProbabilities
_aMathematical sciences
_aMathematics
_aNumber theory
_aSet theory
_aGroup theory
952 _w2010-06-16
_p00005499
_r2010-12-20
_40
_00
_bUL
_10
_o519.4 LYA
_d2010-06-16
_70
_yBK
_s2010-12-06
_l1
_aUL
999 _c12958
_d12957